000 00972nam a2200313 i 4500
003 EG-GICUC
005 20260422185132.0
008 260422b1992 |||||||fr|||| 00| 0 eng d
040 _aEG-GiCUC
_beng
_cEG-GiCUC
_dEG-GiCUC
_erda
041 0 _aeng
082 0 4 _221
_a343.431
_bWA . P
092 0 4 _221
099 _aLaw1 10 343.431 WA . P 2 ed - 1992
100 1 _aWalker, Clive
_eAuthor.
245 1 4 _aThe prevention of terrorism in British law /
_cby Clive Walker
250 _aSecond edition
264 1 _aNew York :
_bManchester University Press,
_c1992.
300 _a350 pages ;
_c24 cm
336 _2rda content
_atext
337 _2rda media
_aComputer
338 _2rda carrier
_aOnline Resource
504 _a Includes bibliographical references.
546 _aText in English
650 1 4 _aCriminal law
_2qrmak
651 1 _2qrmak
856 4 0 _uhttps://fll.law.cu.edu.eg/fulltext/bks/B10-10726.pdf
905 _a74
942 _2ddc
_n0
_cBK
_e21
999 _c72860
_d72860